MARC details
| 000 -LÍDER |
| campo de controle de tamanho fixo |
01419 a2200301 4500 |
| 001 - NÚMERO DE CONTROLE |
| campo de controle |
12083 |
| 003 - IDENTIFICADOR DO NÚMERO DE CONTROLE |
| campo de controle |
OSt |
| 005 - DATA E HORÁRIO DA ÚLTIMA TRANSAÇÃO |
| campo de controle |
20240415152034.0 |
| 008 - CAMPO DE DADOS FIXOS--INFORMAÇÃO GERAL |
| campo de controle de tamanho fixo |
240415b |||||||| |||| 00| 0 POR d |
| 020 ## - ISBN - INTERNATIONAL STANDARD BOOK NUMBER |
| ISBN - International Standard Book Number |
9788598457512 |
| 040 ## - FONTE DA CATALOGAÇÃO |
| Instituição da catalogação original |
BR-BrIDEA |
| Instituição que transcreveu o registro |
BR-BrIDEA |
| 041 ## - CÓDIGO DE IDIOMA |
| Código do idioma do texto/trilha sonora ou título diferente |
por |
| 082 ## - CDD - CLASSIFICAÇÃO DECIMAL DE DEWEY |
| Número de Classificação |
028.5 |
| 090 ## - NÚMERO DE CHAMADA LOCAL |
| Número de chamada (OCLC) (R); Número de chamada, CALL (RLIN) (NR) |
P Year 5 028 |
| Número Cutter local (OCLC); Número de classificação do livro, CALL (RLIN) |
POO |
| 100 ## - ENTRADA PRINCIPAL--NOME PESSOAL |
| Nome pessoal |
Poole, Josephine. |
| Função do autor por extenso |
Autor |
| 245 10 - TÍTULO |
| Título |
Anne Frank |
| Indicação de responsabilidade, etc. |
Josephine Poole ; ilustrações de Angela Barrett ; tradução de Marcelo Pen |
| 250 ## - EDIÇÃO |
| Edição |
1. ed. |
| 260 ## - PUBLICAÇÃO, DISTRIBUIÇÃO, ETC. |
| Local de publicação, distribuição, etc. |
São Paulo |
| Nome do editor, distribuidor, etc. |
SM |
| Data da publicação, distribuição, etc. |
2005 |
| 300 ## - DESCRIÇÃO FÍSICA |
| Extensão |
40 p. |
| Outros detalhes físicos |
il. color |
| Dimensões |
23.88 x 26.16 x 0.25 cm |
| 520 ## - NOTA DE RESUMO, ETC |
| Resumo, etc. |
Anne Frank era uma menina judia que vivia na Alemanha. Durante a Segunda Guerra Mundial, sua família mudou-se para a Holanda e, a certa altura, teve de separar-se. A vida de Anne entrou para a história com a publicação de seu diário, que dá testemunho da luta pela sobrevivência dos judeus contra a opressão e a intolerância instaladas na Europa. Baseado nesse diário, o livro relata os sentimentos mais íntimos de Anne sobre sua infância, mostrando uma menina com personalidade marcante e sua reação ao clima de terror que Hitler impôs ao mundo. |
| 521 ## - NOTA DO PÚBLICO ALVO |
| Nota de público alvo |
Year 5 |
| 546 ## - NOTA DE IDIOMA |
| Nota de idioma |
por |
| 697 ## - ENTRADA DE ASSUNTO LOCAL--ENTIDADE COLETIVA (RLIN) |
| Nome corporativo ou nome da jurisdição |
Literatura infantojuvenil. |
| 697 ## - ENTRADA DE ASSUNTO LOCAL--ENTIDADE COLETIVA (RLIN) |
| Nome corporativo ou nome da jurisdição |
Crianças Judias no Holocausto. |
| 700 ## - ENTRADA ADICIONADA - NOME PESSOAL |
| Nome pessoal |
Barrett, Angela |
| Função do autor por extenso |
ilustrador |
| Nome pessoal |
Pen, Marcelo |
| Função do autor por extenso |
tradutor |
| 856 ## - LOCALIZAÇÃO ELETRÔNICA E ACESSO |
| Uniform Resource Identifier |
<a href="000011/000011ff.jpg">000011/000011ff.jpg</a> |
| 942 ## - ELEMENTOS DE ENTRADA ADICIONADOS (KOHA) |
| Tipo de material Koha |
Livros |
| Fonte da classificação ou esquema de arquivamento na estante |
|